<?xml version="1.0" encoding="UTF-8"?><record xmlns="http://www.loc.gov/MARC21/slim" xmlns:zs="http://docs.oasis-open.org/ns/search-ws/sruResponse">
  <leader>02465cas a22005057a 4500</leader>
  <controlfield tag="001">20047224</controlfield>
  <controlfield tag="008">851031d18681955msuwr ne      0   a0eng d</controlfield>
  <controlfield tag="005">20250630032950.8</controlfield>
  <datafield ind1=" " ind2=" " tag="010">
    <subfield code="a">sn 85034375 </subfield>
  </datafield>
  <datafield ind1="0" ind2=" " tag="022">
    <subfield code="a">2575-4661</subfield>
    <subfield code="2">1</subfield>
  </datafield>
  <datafield ind1=" " ind2=" " tag="035">
    <subfield code="a">(OCoLC)12743302</subfield>
  </datafield>
  <datafield ind1=" " ind2=" " tag="040">
    <subfield code="a">NPU</subfield>
    <subfield code="b">eng</subfield>
    <subfield code="c">NPU</subfield>
    <subfield code="d">NPX</subfield>
    <subfield code="d">MSJ</subfield>
    <subfield code="d">NSD</subfield>
    <subfield code="d">NVF</subfield>
    <subfield code="d">MGN</subfield>
    <subfield code="d">OCLCQ</subfield>
    <subfield code="d">DLC</subfield>
    <subfield code="d">OCLCF</subfield>
    <subfield code="d">DLC</subfield>
    <subfield code="d">OCLCQ</subfield>
    <subfield code="d">OCLCL</subfield>
  </datafield>
  <datafield ind1=" " ind2=" " tag="042">
    <subfield code="a">msc</subfield>
    <subfield code="a">nsdp</subfield>
  </datafield>
  <datafield ind1=" " ind2=" " tag="043">
    <subfield code="a">n-us-ms</subfield>
  </datafield>
  <datafield ind1="0" ind2="0" tag="050">
    <subfield code="a">Newspaper</subfield>
  </datafield>
  <datafield ind1="0" ind2="0" tag="082">
    <subfield code="a">071</subfield>
    <subfield code="2">23</subfield>
    <subfield code="1">https://id.oclc.org/worldcat/ddc/E4dfHGhx3CP9J6H88DhYHkwpGh</subfield>
  </datafield>
  <datafield ind1=" " ind2="4" tag="222">
    <subfield code="a">The Grenada sentinel</subfield>
    <subfield code="b">(Print)</subfield>
  </datafield>
  <datafield ind1="0" ind2="4" tag="245">
    <subfield code="a">The Grenada sentinel.</subfield>
  </datafield>
  <datafield ind1=" " ind2=" " tag="260">
    <subfield code="a">Grenada, Miss. :</subfield>
    <subfield code="b">John N. Bowen &amp; Co.,</subfield>
    <subfield code="c">1868-</subfield>
  </datafield>
  <datafield ind1=" " ind2=" " tag="300">
    <subfield code="a">volumes ;</subfield>
    <subfield code="c">72 cm</subfield>
  </datafield>
  <datafield ind1=" " ind2=" " tag="310">
    <subfield code="a">Weekly</subfield>
  </datafield>
  <datafield ind1=" " ind2=" " tag="336">
    <subfield code="a">text</subfield>
    <subfield code="b">txt</subfield>
    <subfield code="2">rdacontent</subfield>
  </datafield>
  <datafield ind1=" " ind2=" " tag="337">
    <subfield code="a">unmediated</subfield>
    <subfield code="b">n</subfield>
    <subfield code="2">rdamedia</subfield>
  </datafield>
  <datafield ind1=" " ind2=" " tag="338">
    <subfield code="a">volume</subfield>
    <subfield code="b">nc</subfield>
    <subfield code="2">rdacarrier</subfield>
  </datafield>
  <datafield ind1="1" ind2=" " tag="362">
    <subfield code="a">Began with vol. VII, no. 34 (February 29, 1868); ceased in 1955.</subfield>
  </datafield>
  <datafield ind1=" " ind2=" " tag="500">
    <subfield code="a">Editors: J. Augustine Signaigo, &lt;1873-1874&gt;; J.W. Buchanan, &lt;1876&gt;.</subfield>
  </datafield>
  <datafield ind1=" " ind2=" " tag="500">
    <subfield code="a">Publishers: John N. Bowen &amp; Co., February 29-&lt;March 28, 1868&gt;; Sentinel Pub. Co., &lt;1873-1874&gt;; Mrs. J.A. Signaigo, &lt;Oct. 14, 1876&gt;-</subfield>
  </datafield>
  <datafield ind1=" " ind2=" " tag="530">
    <subfield code="a">Archived issues are available in digital format from the Library of Congress Chronicling America online collection.</subfield>
  </datafield>
  <datafield ind1=" " ind2=" " tag="588">
    <subfield code="a">Description based on: Vol. VII, no. 34 (February 29, 1868).</subfield>
  </datafield>
  <datafield ind1=" " ind2=" " tag="588">
    <subfield code="a">Latest issue consulted: Vol. 18, no. 42 (April 12, 1873).</subfield>
  </datafield>
  <datafield ind1=" " ind2="0" tag="651">
    <subfield code="a">Grenada (Miss.)</subfield>
    <subfield code="v">Newspapers.</subfield>
  </datafield>
  <datafield ind1=" " ind2="7" tag="651">
    <subfield code="a">Mississippi</subfield>
    <subfield code="z">Grenada.</subfield>
    <subfield code="2">fast</subfield>
    <subfield code="0">(OCoLC)fst01220019</subfield>
    <subfield code="1">https://id.oclc.org/worldcat/entity/E39PBJyCDBr4Kv4kWXJwqjKGHC</subfield>
  </datafield>
  <datafield ind1=" " ind2="7" tag="655">
    <subfield code="a">Newspapers.</subfield>
    <subfield code="2">fast</subfield>
    <subfield code="0">(OCoLC)fst01423814</subfield>
  </datafield>
  <datafield ind1=" " ind2="7" tag="655">
    <subfield code="a">Newspapers.</subfield>
    <subfield code="2">lcgft</subfield>
    <subfield code="0">https://id.loc.gov/authorities/genreForms/gf2014026132</subfield>
  </datafield>
  <datafield ind1=" " ind2=" " tag="752">
    <subfield code="a">United States</subfield>
    <subfield code="b">Mississippi</subfield>
    <subfield code="c">Grenada</subfield>
    <subfield code="d">Grenada.</subfield>
  </datafield>
  <datafield ind1="1" ind2=" " tag="775">
    <subfield code="t">Daily sentinel-star</subfield>
    <subfield code="x">1066-7512</subfield>
    <subfield code="w">(DLC)sn 87065718</subfield>
    <subfield code="w">(OCoLC)15216930</subfield>
  </datafield>
  <datafield ind1="0" ind2="8" tag="776">
    <subfield code="i">Online version:</subfield>
    <subfield code="t">Grenada sentinel</subfield>
    <subfield code="x">2575-467X</subfield>
    <subfield code="w">(DLC)  2017218866</subfield>
    <subfield code="w">(OCoLC)1005263976</subfield>
  </datafield>
  <datafield ind1="0" ind2="0" tag="780">
    <subfield code="t">Grenada weekly sentinel</subfield>
    <subfield code="x">2575-4645</subfield>
    <subfield code="w">(DLC)  2016270501</subfield>
    <subfield code="w">(OCoLC)28385770</subfield>
  </datafield>
  <datafield ind1="0" ind2="4" tag="785">
    <subfield code="t">Daily sentinel-star</subfield>
    <subfield code="x">1066-7512</subfield>
    <subfield code="w">(DLC)sn 87065718</subfield>
    <subfield code="w">(OCoLC)15216930</subfield>
  </datafield>
  <datafield ind1="4" ind2="1" tag="859">
    <subfield code="u">http://www.loc.gov/chroniclingamerica/lccn/sn85034375/issues</subfield>
  </datafield>
  <datafield ind1=" " ind2=" " tag="906">
    <subfield code="a">7</subfield>
    <subfield code="b">cbc</subfield>
    <subfield code="c">sercoop</subfield>
    <subfield code="d">2</subfield>
    <subfield code="e">ncip</subfield>
    <subfield code="f">19</subfield>
    <subfield code="g">n-oclcserc</subfield>
  </datafield>
  <datafield ind1="0" ind2=" " tag="925">
    <subfield code="a">Acquire</subfield>
    <subfield code="b">1 shelf copy</subfield>
    <subfield code="x">policy default 2017-10-04</subfield>
  </datafield>
  <datafield ind1=" " ind2=" " tag="955">
    <subfield code="b">sr02 2017-10-04</subfield>
    <subfield code="k">sr02 2017-10-04</subfield>
  </datafield>
  <datafield ind1=" " ind2=" " tag="955">
    <subfield code="a">LCAP batch update 2025-06-26-04:00: LCAPM-893</subfield>
  </datafield>
  <datafield ind1=" " ind2=" " tag="985">
    <subfield code="a">serpull/chronam</subfield>
    <subfield code="e">ndnp</subfield>
  </datafield>
</record>
